Odpisovanie súboru zahŕňajúceho hnuteľné a nehnuteľné veci nájomcom

Prijatím zákona č. 366/1999 Z.z. o daniach z príjmov došlo s účinnosťou od 1.1.2000 k zmenám v oblasti odpisovania prenajatého majetku nájomcom. Podmienky pre zahŕňanie odpisov prenajatého súboru vecí. Nájom súboru zahŕňajúceho hnuteľné i nehnuteľné veci ako predmet zmluvy. Uznávanie odpisu nájomcov...

Ausführliche Beschreibung

Gespeichert in:
Bibliographische Detailangaben
1. Verfasser: Barcaj, Tomáš
Format: Buchkapitel
Sprache:Slowakisch
Schlagworte:
Tags: Tag hinzufügen
Keine Tags, Fügen Sie das erste Tag hinzu!

MARC

LEADER 00000naa a2200000 4500
001 r038668
005 20231003083843.9
041 0 |a slo 
044 |a SK 
245 1 0 |a Odpisovanie súboru zahŕňajúceho hnuteľné a nehnuteľné veci nájomcom  |c Tomáš Barcaj 
520 |a Prijatím zákona č. 366/1999 Z.z. o daniach z príjmov došlo s účinnosťou od 1.1.2000 k zmenám v oblasti odpisovania prenajatého majetku nájomcom. Podmienky pre zahŕňanie odpisov prenajatého súboru vecí. Nájom súboru zahŕňajúceho hnuteľné i nehnuteľné veci ako predmet zmluvy. Uznávanie odpisu nájomcovi len do výšky zaplateného nájomného. Ilustračné príklady. 
610 2 0 |a odpisy daňové 
610 2 0 |a majetok 
610 2 0 |a hnuteľnosti 
610 2 0 |a nehnuteľnosti 
610 2 0 |a zmluvy nájomné 
610 2 0 |a daňovníci 
610 2 0 |a účtovanie 
610 2 0 |a nájomcovia 
100 1 |a Barcaj, Tomáš